000
00196 a2200097 4500
001
10942
100
_a
Cately. K.
245
_a
Selves in Relation
260
_a
_b
Methuen
_c
090
_c
8511
_d
8511
942
_a
NUST-CAE
_c
M
_c
35280
999
_c
246015
_d
246015